Numeralia 1; geometría /
Guardado en:
| Autor Principal: | |
|---|---|
| Formato: | Libro |
| Publicado: |
Argentina :
Peuser,
1970
|
| Materias: | |
| Etiquetas: |
Agregar Etiqueta
Sin Etiquetas, Sea el primero en etiquetar este registro!
|
| LEADER | 00825nam a22002295a 4500 | ||
|---|---|---|---|
| 001 | CEM.cems003353 | ||
| 005 | 19000101000000.0 | ||
| 008 | 130507s1970##################000#0#####d | ||
| 003 | CEMS | ||
| 082 | 0 | 4 | |a 513 |
| 100 | 1 | |a Ibañez, Federico Miguel | |
| 245 | 1 | 0 | |a Numeralia 1; geometría / |c Federico Miguel Ibañez |
| 260 | |a Argentina : |b Peuser, |c 1970 | ||
| 300 | |a 256 p. | ||
| 505 | 0 | |a Entes geometricos fundamentales; Igualdad y desigualdad de segmentos; Operaciones con segmentos; Operaciones con angulos; Rectas perpendiculares; Rectas paralelas; Triangulos... | |
| 653 | |a Angulos | ||
| 653 | |a Circunferencia | ||
| 653 | |a Geometria | ||
| 653 | |a Lugar geometrico | ||
| 653 | |a Matematica | ||
| 859 | |a CEMS |b BIB. CEMS - 11 de abril |h 513 |i Ib1 |p 12603.83 |t Ej.1 | ||
| 859 | |a CEMS |b BIB. CEMS - 11 de abril |h 513 |i Ib1 |p 12609.83 |t Ej.2 | ||
